| 000 | 01211nam a2200313Ia 4500 | ||
|---|---|---|---|
| 001 | ebr10687029 | ||
| 003 | CaPaEBR | ||
| 006 | m u | ||
| 007 | cr cn||||||||| | ||
| 008 | 130124s2013 pau sb 001 0 eng d | ||
| 010 | _z 2012043415 | ||
| 020 | _z9781599473796 (hardbound : alk. paper) | ||
| 020 | _z9781599474298 (ebook) | ||
| 040 |
_aCaPaEBR _cCaPaEBR |
||
| 035 | _a(OCoLC)841172578 | ||
| 050 | 1 | 4 |
_aBT83.7 _b.E24 2013eb |
| 082 | 0 | 4 |
_a270.8 _223 |
| 100 | 1 | _aEberstadt, Mary. | |
| 245 | 1 | 0 |
_aHow the West really lost God _h[electronic resource] : _ba new theory of secularization / _cMary Eberstadt. |
| 260 |
_aWest Conshohocken, PA : _bTempleton Press, _cc2013. |
||
| 300 | _ax, 257 p. | ||
| 504 | _aIncludes bibliographical references and index. | ||
| 533 |
_aElectronic reproduction. _bPalo Alto, Calif. : _cebrary, _d2013. _nAvailable via World Wide Web. _nAccess may be limited to ebrary affiliated libraries. |
||
| 650 | 0 | _aSecularism. | |
| 650 | 0 | _aSecularization (Theology) | |
| 655 | 7 |
_aElectronic books. _2local |
|
| 710 | 2 | _aebrary, Inc. | |
| 856 | 4 | 0 |
_uhttp://site.ebrary.com/lib/rucke/Doc?id=10687029 _zAn electronic book accessible through the World Wide Web; click to view |
| 999 |
_c13089 _d13089 |
||